Introducción a la investigación de las operaciones / (Registro nro. 5718)
[ vista simple ]
| 000 -LEADER | |
|---|---|
| fixed length control field | 01186nam a2200277Ia 4500 |
| 003 - CONTROL NUMBER IDENTIFIER | |
| control field | OSt |
| 005 - DATE AND TIME OF LATEST TRANSACTION | |
| control field | 20200320123255.0 |
| 008 - FIXED-LENGTH DATA ELEMENTS--GENERAL INFORMATION | |
| fixed length control field | 191128s1982 mx d f 001 0 spa d |
| 020 ## - INTERNATIONAL STANDARD BOOK NUMBER | |
| International Standard Book Number | 9584512643 |
| 040 ## - CATALOGING SOURCE | |
| Original cataloging agency | CO-JMCR |
| Transcribing agency | CO-JMCR |
| 041 1# - LANGUAGE CODE | |
| Language code of text/sound track or separate title | spa |
| Language code of original | eng |
| 082 04 - DEWEY DECIMAL CLASSIFICATION NUMBER | |
| Classification number | 001.42 / |
| Item number | H654i |
| 100 1# - MAIN ENTRY--PERSONAL NAME | |
| Personal name | Hillier, Frederick, |
| Relator term | autor |
| 9 (RLIN) | 1153 |
| 245 1# - TITLE STATEMENT | |
| Title | Introducción a la investigación de las operaciones / |
| Statement of responsibility, etc. | Frederick Hillier, Gerarld J. Lieberman ; traductor José H. Pérez Castellanos, Marcia González Osuna |
| 250 ## - EDITION STATEMENT | |
| Edition statement | Primera edición |
| 260 ## - PUBLICATION, DISTRIBUTION, ETC. | |
| Place of publication, distribution, etc. | México : |
| Name of publisher, distributor, etc. | McGraw-hill, |
| Date of publication, distribution, etc. | 1982 |
| 300 ## - PHYSICAL DESCRIPTION | |
| Extent | xv, 833 páginas : |
| Other physical details | ilustraciones a blanco y negro ; |
| Dimensions | 23 cm. |
| 505 ## - FORMATTED CONTENTS NOTE | |
| Formatted contents note | Programación matemática -- Modelos probabilistas -- Temas avanzados de programación matemática. |
| 546 ## - LANGUAGE NOTE | |
| Language note | spa |
| 650 24 - SUBJECT ADDED ENTRY--TOPICAL TERM | |
| Topical term or geographic name entry element | Investigación de operaciones |
| 9 (RLIN) | 1154 |
| 650 24 - SUBJECT ADDED ENTRY--TOPICAL TERM | |
| Topical term or geographic name entry element | Análisis de sistemas |
| General subdivision | Modelos matemáticos |
| 9 (RLIN) | 1155 |
| 700 1# - ADDED ENTRY--PERSONAL NAME | |
| Personal name | Peréz Castellanos, José H., |
| Relator term | traductor |
| 9 (RLIN) | 1156 |
| 700 1# - ADDED ENTRY--PERSONAL NAME | |
| Personal name | González Osuna, Marcia, |
| Relator term | traductora |
| 9 (RLIN) | 1157 |
| 799 ## - LOCAL ADDED ENTRY--UNIFORM TITLE (RLIN) | |
| Uniform title | Lieberman, Gerarld J., autor ; Pérez Castellanos, José H., traductor ; González Osuna, Marcia, traductor |
| 942 ## - ADDED ENTRY ELEMENTS (KOHA) | |
| Source of classification or shelving scheme | Dewey Decimal Classification |
| Koha item type | Books |
| Withdrawn status | Lost status | Source of classification or shelving scheme | Materials specified (bound volume or other part) | Damaged status | Not for loan | Home library | Current library | Date acquired | Source of acquisition | Cost, normal purchase price | Total Checkouts | Full call number | Barcode | Date last seen | Copy number | Price effective from | Koha item type |
|---|---|---|---|---|---|---|---|---|---|---|---|---|---|---|---|---|---|
| Dewey Decimal Classification | Compra | Biblioteca Pública José María del Castillo y Rada | Biblioteca Pública José María del Castillo y Rada | 11/28/2019 | Donación | 0.00 | 001.42 / H654i | 430004024 | 05/16/2024 | Ej.1 | 11/28/2019 | Books |